Estatísticas para Os 15 principais países com mortes por Covid19 - 17 de julho

Clique aqui para jogar o quiz

Estatísticas Gerais

  • Esse quiz foi jogado 3 vezes
  • A pontuação média é 10 de 20

Estatísticas das Respostas

país% Correto
Brasil
100%
Alemanha
67%
Canadá
67%
Espanha
67%
Estados Unidos
67%
Índia
67%
Itália
67%
México
67%
Reino Unido
67%
Rússia
67%
Suécia
67%
Bélgica
33%
Chile
33%
França
33%
Irão
33%
Países Baixos
33%
Peru
33%
Equador
0%
Irlanda
0%
Panamá
0%

Distribuição das Pontuações

Percentil de Números Respondidos

Porcentagem de Pessoas com Cada Pontuação

Sua Pontuação Histórica

Você não jogou esse quiz